000 00365cam a22001217a 4500
008 180718b1967 xxu||||| |||| 00| 0 eng d
082 _aA81x54 In2/61/7/PT9
100 _aCensus of India 1961
245 _aKerala: census atlas
260 _aDelhi
_bThe Manager of Publications
_c1967
300 _a327+p.
440 _aCensus of India 1961. Volume VII, Kerala. Part IX
999 _c484172
_d484172